00479nam a2200193 a 4500001001300000003000900013005001700022008004100039020001000080082001500090100002500105245003000130260002500160300000900185500003500194505002700229650001800256650001100274nice12345678IN_TiNIC20260116013848.0050524s1992 dela grp 000 0 eng  ac60000a291.4bCAL aCallewaert, Winand M aLife and Works of Raidas. aDelhibManoharc1992 a335p aincludes index and biblioraphy2 aappendix, bibliography aBhakti-Poetry aRaidas